000 01081nam0a22003011 4500
001 rc\3153128
005 20250530072804.0
021 _aRU
_bП645-77
035 _a(NLR Aleph) 007297664
090 _a5676846
_c5676846
100 _a20120615d1976 |||y0rusy50 ca
101 0 _arus
102 _aRU
105 _aa z |||||
200 1 _aКристаллические уровни
_ePr³⁺ в PrAl₂, определенные методом неупругого рассеяния нейтронов
210 _aДубна
_cБ. и.
_d1976
215 _a9 с.
_cил.
_d21
225 1 _aОбъединенный институт ядерных исследований. [Издания]
_vР14-9907
300 _aПеред загл. авт.: В. Дрэксель, П. Зайферт, Л.П. Каун и др.
320 _aБиблиогр.: с. 9
701 1 _aЗайферт
_bП.
701 1 _aКаун
_bЛ.П.
701 1 _aДрэксель
_bВ.
801 0 _aRU
_bNLR
_gpsbo
801 1 _aRU
_bELAR
_2rusmarc
852 _aNLR
_jП11/2061
942 _cBOOK
980 _aNB